00614nam a2200193Ia 450000500170000000800410001702000140005804000190007204100120009108200200010310000170012324500990014026000510023930000150029050400500030565000190035565100360037485000100041020230306120826.0131103s9999 xx 000 0 und d a520063317 aLoreto College aEnglish a822.33bSHA-FIN aFineman,Joel aShakespeare's perjured eyeb the inventionof poetic subjectivity in the sonnets cJoel Fineman aBerkeleybUniversity Of California Pressc1986 aix,365 p.  aIncludes bibliographical references and index aEnglish Poetry aShakespeare,William - Criticism aLCLIB